00416cam a2200169ua 45000010005000000080039000050400009000440410008000530820013000611000027000742450044001012500009001452600032001543000014001866530027002006530019002274224171023n ii |||gr||||Z||||||asm cMAIN aasm a891.4513 aBezbaroa, Lakshminath, aBuri air sadhucby Lakshminath Bezbaroa a1st. aGuwahati:bSahitya prakash. a168p:5cm. aAssamese short stories aBuri air sadhu